LIBRARY & INFORMATION CENTRE, KCAET, TAVANUR

ONLINE PUBLIC ACCESS CATALOGUE (OPAC)

Match manufacture (Record no. 17578)

MARC details
000 -LEADER
fixed length control field 00262nam a22001217a 4500
003 - CONTROL NUMBER IDENTIFIER
control field OSt
008 - FIXED-LENGTH DATA ELEMENTS--GENERAL INFORMATION
fixed length control field 221107b |||||||| |||| 00| 0 eng d
041 ## - LANGUAGE CODE
Language code of text/sound track or separate title eng
082 ## - DEWEY DECIMAL CLASSIFICATION NUMBER
Classification number 338.634
Item number MAT/MA
100 ## - MAIN ENTRY--AUTHOR NAME
Personal name Matook,A.S
245 ## - TITLE STATEMENT
Title Match manufacture
942 ## - ADDED ENTRY ELEMENTS (KOHA)
Koha item type Books
Holdings
Withdrawn status Lost status Damaged status Home library Current library Date acquired Full call number Accession Number Koha item type Public note
Withdrawn     KAUAET Sanskrit University 07/11/2022 338.634 MAT/MA 8606 Books Transferred to Sanskrit University
Withdrawn     KAUAET Sanskrit University 07/11/2022 338.634 MAT/MA 8607 Books Transferred to Sanskrit University
free website counter